[Event "2024 British Rapidplay Championship"]
[Site "Holiday Inn Peterborough - West"]
[Date "2024.03.03"]
[Round "9.47"]
[White "Hutchinson, Paul A"]
[Black "Kumar, Sanjit S"]
[Result "1-0"]
[WhiteFideId "411558"]
[BlackFideId "468142"]
[WhiteElo "2064"]
[BlackElo "1799"]
[EventDate "2024.03.02"]

1. d4 d5 2. Bf4 Nf6 3. e3 c5 4. Nf3 Nc6 5. Nbd2 Bg4 6. c3 e6 7. Qb3 Qb6 8. Ne5 Nxe5
9. Bxe5 Nd7 10. Bg3 c4 11. Qxb6 axb6 12. f3 Bh5 13. Be2 Be7 14. O-O O-O 15. a4 Ra7
16. b3 cxb3 17. Nxb3 Rfa8 18. Bb5 Nf8 19. Rfc1 Rc8 20. Be1 f6 21. c4 Raa8 22. c5
bxc5 23. dxc5 e5 24. c6 bxc6 25. Bxc6 Rab8 26. Bxd5+ Bf7 27. Bxf7+ Kxf7 28. a5 Rxc1
29. Nxc1 Bc5 30. Bf2 Ra8 31. Nd3 Bb6 32. a6 Ne6 33. Nb4 Ke8 34. Nd5 Bc5 35. e4 Ra7
36. Nb4 Kd7 37. Rc1 Bd4 38. Kf1 g6 39. Ke2 f5 40. Bxd4 Nxd4+ 41. Kd3 f4 42. Rc5 Kd6
43. Kc4 g5 44. Rd5+ Ke6 45. Rd8 h5 46. Rb8 g4 47. fxg4 hxg4 48. Rb7 Ra8 49. a7 f3
50. gxf3 gxf3 51. Nd3 Nc6 52. Rb6 Kd7 53. Kd5 Ne7+ 54. Kxe5 Rxa7 55. Rb2 Ra3 56.
Nc5+ Kc6 57. Ne6 Ng6+ 58. Kf5 Nh4+ 59. Kg4 Ng6 60. Nd4+ Kd7 61. Nxf3 Ke6 62. Rb6+
Kf7 63. h4 Ra4 64. Ng5+ Kg7 65. h5 Ne5+ 66. Kf5 Ra5 67. Rb7+ Nf7+ 68. Kf4 Rxg5 69.
Rxf7+ Kxf7 70. Kxg5 Ke8 1-0

[Event "2024 British Rapidplay Championship"]
[Site "Holiday Inn Peterborough - West"]
[Date "2024.03.03"]
[Round "9.48"]
[White "Mittal, Aditya"]
[Black "Ledger, Stephen C"]
[Result "1/2-1/2"]
[WhiteFideId "499250"]
[BlackFideId "404470"]
[WhiteElo "1794"]
[BlackElo "1983"]
[EventDate "2024.03.02"]

1. b3 d5 2. Bb2 c5 3. e3 Nc6 4. Bb5 Bd7 5. Nf3 f6 6. c4 a6 7. cxd5 axb5 8. dxc6 Bxc6
9. d4 b6 10. O-O e6 11. Nc3 Bd6 12. Qd3 b4 13. Ne4 Ne7 14. Nxd6+ Qxd6 15. Nd2 O-O
16. Nc4 Qc7 17. dxc5 bxc5 18. e4 Ng6 19. Qe3 Bb5 20. Rfc1 Rfd8 21. a4 bxa3 22. Rxa3
Bxc4 23. Rxa8 Rxa8 24. Rxc4 Qd6 25. g3 Ra2 26. Qc1 Ne5 27. Bxe5 Qxe5 28. Kg2 Re2
29. Qf4 Qxf4 30. gxf4 Rb2 31. Rc3 Kf7 32. Kf3 Ke7 33. Rxc5 Rxb3+ 34. Kg4 Rb7 35.
Ra5 Kf7 36. h4 Rc7 37. Ra6 1/2-1/2

[Event "2024 British Rapidplay Championship"]
[Site "Holiday Inn Peterborough - West"]
[Date "2024.03.03"]
[Round "9.49"]
[White "Fellowes, Billy"]
[Black "Sisupalan, Beni"]
[Result "1-0"]
[WhiteFideId "483540"]
[BlackFideId "494585"]
[WhiteElo "1959"]
[BlackElo "1756"]
[EventDate "2024.03.02"]

1. d4 Nf6 2. Bf4 g6 3. Nc3 Bg7 4. e3 O-O 5. h4 h6 6. h5 g5 7. Bg3 d5 8. f4 g4 9.
Be2 Bf5 10. Bh4 Qd7 11. Bd3 Re8 12. Nge2 c6 13. Bxf5 Qxf5 14. Ng3 Qe6 15. Qd3 Nbd7
16. Nd1 c5 17. c3 Qb6 18. Qe2 cxd4 19. exd4 Qd6 20. O-O Nf8 21. Ne3 Qd7 22. f5 e6
23. Bxf6 Bxf6 24. Nxg4 Bg5 25. Qf3 Nh7 26. Rae1 exf5 27. Nxf5 f6 28. Ngxh6+ Kh8 29.
Ng4 Qc7 30. Qxd5 Rad8 31. Qf3 Qf7 32. Rxe8+ Qxe8 33. Qxb7 Rd7 34. Qf3 Rd8 35. h6
Rd7 36. Qg3 Bd2 37. Qf2 Bg5 38. Re1 Qf8 39. Qf3 Rc7 40. Qd5 Rf7 41. Qc6 Qg8 42. Re8
Rf8 43. Re7 Rf7 44. Qb7 Rxe7 45. Nxe7 Qf7 46. Qc8+ Nf8 47. Qd8 Kh7 48. Nf5 Ne6 49.
Qe7 Qxe7 50. Nxe7 Bxh6 51. Nxh6 Kxh6 52. Kf2 Kg5 53. b4 Kf4 54. Nd5+ Ke4 55. Nxf6+
Kd3 56. d5 Nc7 57. d6 Ne6 58. Nd5 Kc4 59. Nc7 Nd8 60. g4 Kxc3 61. g5 Nf7 62. d7 Nd8
63. g6 Kxb4 64. g7 Ne6 65. g8=Q Kc3 66. d8=Q Kc2 67. Qxe6 Kc3 68. Qc6+ Kb4 69. Qd3
a5 70. Nd5# 1-0

[Event "2024 British Rapidplay Championship"]
[Site "Holiday Inn Peterborough - West"]
[Date "2024.03.03"]
[Round "9.50"]
[White "Cheng, Wing"]
[Black "George, Matthew P"]
[Result "0-1"]
[WhiteFideId "343443621"]
[BlackFideId "407763"]
[WhiteElo "1829"]
[BlackElo "2003"]
[EventDate "2024.03.02"]

1. e4 a6 2. d4 c6 3. Nf3 d5 4. Nc3 dxe4 5. Nxe4 Bg4 6. Bc4 e6 7. c3 Nf6 8. Ng3 Bd6
9. O-O Nbd7 10. Bd3 O-O 11. h3 Bxf3 12. Qxf3 Qc7 13. Ne4 Nxe4 14. Qxe4 Nf6 15. Qh4
Be7 16. Bg5 h6 17. Bd2 Nd5 18. Qe4 Nf6 19. Qe2 c5 20. Be3 Nd5 21. Rae1 Nf4 22. Bxf4
Qxf4 23. Qe4 Qxe4 24. Rxe4 cxd4 25. Rxd4 Rfd8 26. Be4 Rxd4 27. cxd4 Rd8 28. Rd1 b6
29. Kf1 Bf6 30. b3 Bxd4 31. Ke2 f5 32. Bd3 a5 33. Bc4 Kf7 34. a4 Kf6 35. Kf3 e5 36.
g3 e4+ 37. Ke2 Ke5 38. g4 fxg4 39. hxg4 Rf8 40. Rf1 Rf3 41. Bf7 Rf4 42. Bc4 0-1

[Event "2024 British Rapidplay Championship"]
[Site "Holiday Inn Peterborough - West"]
[Date "2024.03.03"]
[Round "9.51"]
[White "Garnett, John S"]
[Black "Li, Xiaofan"]
[Result "1/2-1/2"]
[WhiteFideId "410829"]
[BlackFideId "343432689"]
[WhiteElo "1950"]
[BlackElo "1771"]
[EventDate "2024.03.02"]

1. d4 Nf6 2. Bg5 e6 3. Nd2 b6 4. Ngf3 d5 5. e3 h6 6. Bf4 Bb7 7. h3 Bd6 8. Bxd6 Qxd6
9. c3 Nbd7 10. Qc2 c5 11. Bd3 e5 12. dxe5 Nxe5 13. Nxe5 Qxe5 14. O-O O-O 15. Nf3
Qh5 16. Be2 Ne4 17. Rfe1 Rad8 18. Nd2 Qf5 19. Nxe4 Qxe4 20. Qxe4 dxe4 21. Rad1 1/2-1/2

[Event "2024 British Rapidplay Championship"]
[Site "Holiday Inn Peterborough - West"]
[Date "2024.03.03"]
[Round "9.52"]
[White "Siu, Kam Wa"]
[Black "Quilter, Thomas A"]
[Result "0-1"]
[WhiteFideId "6008860"]
[BlackFideId "408530"]
[WhiteElo "1456"]
[BlackElo "2051"]
[EventDate "2024.03.02"]

1. e4 Nc6 2. d4 d6 3. Nf3 Nf6 4. Nc3 g6 5. d5 Nb8 6. h3 Bg7 7. Be3 O-O 8. Qd2 c6
9. Bh6 Qa5 10. Bxg7 Kxg7 11. g4 Qb4 12. g5 Nxe4 13. Qd4+ Qxd4 14. Nxd4 Nxc3 15. bxc3
cxd5 16. Bg2 e6 17. Nb5 Na6 18. Nxd6 Rd8 19. Nb5 Bd7 20. Rb1 Nc5 21. O-O a6 22. Nd4
b5 23. Rfe1 Rdc8 24. Ne2 Na4 25. Rb3 Rc4 26. Bf1 Rac8 27. Nd4 Rxc3 28. Kg2 R8c7 29.
Nf3 Rxc2 30. Ne5 Rxa2 31. Nxd7 Rxd7 32. Rc1 Nb6 33. Rc6 Nc4 34. Kg3 Nd2 35. Rc2 0-1

[Event "2024 British Rapidplay Championship"]
[Site "Holiday Inn Peterborough - West"]
[Date "2024.03.03"]
[Round "9.54"]
[White "Graff, Ben"]
[Black "Tart, Peter K"]
[Result "1-0"]
[WhiteFideId "424170"]
[BlackFideId "471070"]
[WhiteElo "1782"]
[BlackElo "1987"]
[EventDate "2024.03.02"]

1. e4 e5 2. Nf3 d5 3. Qe2 Bg4 4. Qb5+ Nd7 5. Qxb7 dxe4 6. Qxe4 Ngf6 7. Qc6 Bxf3 8.
Qxf3 e4 9. Qe2 Bc5 10. g3 O-O 11. Bg2 Re8 12. O-O Rb8 13. Nc3 Bd4 14. Qc4 c5 15.
Rb1 Ne5 16. Qe2 Nc6 17. Nxe4 Nxe4 18. Bxe4 f5 19. Qc4+ Kh8 20. Bxc6 Re7 21. c3 Bf6
22. Qxc5 Qd3 23. Ra1 f4 24. Qd5 Qg6 25. Qg2 Qd3 26. Qf3 Qxf3 27. Bxf3 fxg3 28. fxg3
Rbe8 29. d4 Re1 30. Bf4 Rxa1 31. Rxa1 g5 32. Be5 Bxe5 33. dxe5 Rxe5 34. Kf2 Rf5 35.
g4 Rf6 36. Rd1 Rb6 37. b3 Ra6 38. Rd2 Kg7 39. a4 Rb6 40. b4 Ra6 41. a5 Rf6 42. Rd7+
Kg6 43. Rxa7 h5 44. gxh5+ Kh6 45. Kg3 Rd6 46. Rb7 Rd3 47. Rb6+ Kg7 48. Rc6 Re3 49.
Kg4 Re5 50. Rg6+ Kh8 51. Rxg5 Re3 52. Rc5 Re1 53. Kg5 Rg1+ 54. Bg4 Rg2 55. h4 Rg3
56. a6 Re3 57. a7 Re8 58. Rc8 Rxc8 59. Bxc8 Kg7 60. a8=Q Kh7 61. Qe4+ Kh8 62. Qe5+
Kh7 63. Bf5+ Kg8 64. Qe6+ Kg7 65. Qg6+ Kh8 66. Qe8+ Kg7 67. h6# 1-0

[Event "2024 British Rapidplay Championship"]
[Site "Holiday Inn Peterborough - West"]
[Date "2024.03.03"]
[Round "9.55"]
[White "Harvey, Alan"]
[Black "Knox, Edward"]
[Result "1-0"]
[WhiteFideId "445886"]
[BlackFideId "343432328"]
[WhiteElo "1996"]
[BlackElo "1661"]
[EventDate "2024.03.02"]

1. c4 c5 2. g3 Nc6 3. Bg2 g6 4. e4 Bg7 5. Ne2 e5 6. Nbc3 d6 7. d3 Nge7 8. O-O O-O
9. h3 a6 10. f4 exf4 11. gxf4 f5 12. Nd5 Nxd5 13. cxd5 Nd4 14. Be3 Nxe2+ 15. Qxe2
Bd7 16. Qd2 Rb8 17. Rac1 b5 18. b3 Rc8 19. e5 dxe5 20. Bxc5 Re8 21. fxe5 Bxe5 22.
d4 Bf6 23. Rce1 Bg5 24. Rxe8+ Bxe8 25. Qe2 b4 26. d6 Qd7 27. Bd5+ Bf7 28. Bxf7+ Qxf7
29. Qxa6 Be3+ 30. Kh2 Qd7 31. Qc4+ Qf7 32. Qxf7+ Kxf7 33. Bxb4 Rc2+ 34. Kg3 f4+ 35.
Kf3 Rxa2 36. d7 Ra8 37. Ba5 Ke7 38. d8=Q+ Rxd8 39. Bxd8+ Kxd8 40. Ke4 Ke7 41. Rxf4
Bxf4 42. Kxf4 Kd6 43. Kg5 Kd5 44. Kh6 Kxd4 45. Kxh7 g5 46. Kh6 Kd5 1-0

[Event "2024 British Rapidplay Championship"]
[Site "Holiday Inn Peterborough - West"]
[Date "2024.03.03"]
[Round "9.56"]
[White "McCarthy, Kevin C"]
[Black "Pradhan, Ayan"]
[Result "1-0"]
[WhiteFideId "470775"]
[BlackFideId "498319"]
[WhiteElo "1974"]
[BlackElo "1622"]
[EventDate "2024.03.02"]

1. d4 d5 2. Nc3 Nf6 3. e4 dxe4 4. f3 exf3 5. Nxf3 Bg4 6. Bc4 e6 7. O-O c5 8. Bb5+
Nc6 9. d5 exd5 10. Qe1+ Be7 11. Ne5 O-O 12. Bxc6 bxc6 13. Nxc6 Qd7 14. Nxe7+ Kh8
15. Bg5 Rae8 16. Rxf6 Rxe7 17. Qh4 Re6 18. Rf4 d4 19. Ne4 f5 20. Nxc5 Qe8 21. Nxe6
Qxe6 22. Qxg4 Qe3+ 23. Kh1 Qe5 24. Raf1 g6 25. Qh4 Qb5 26. Bf6+ Kg8 27. Bxd4 Qe2
28. R4f2 Qe6 29. Bc3 Rf7 30. Qd4 1-0

[Event "2024 British Rapidplay Championship"]
[Site "Holiday Inn Peterborough - West"]
[Date "2024.03.03"]
[Round "9.57"]
[White "Keshari, Krish"]
[Black "Keohane, Benedict A"]
[Result "0-1"]
[WhiteFideId "496197"]
[BlackFideId "433950"]
[WhiteElo "1666"]
[BlackElo "1855"]
[EventDate "2024.03.02"]

1. e4 Nf6 2. e5 Nd5 3. d4 d6 4. c4 Nb6 5. f4 g6 6. Nf3 Bg7 7. Nc3 dxe5 8. fxe5 Bg4
9. Be3 c5 10. Qd2 Bxf3 11. gxf3 cxd4 12. Qxd4 Nc6 13. Qxd8+ Rxd8 14. f4 Bh6 15. Bxb6
axb6 16. Nd5 e6 17. Nxb6 Bxf4 18. Bg2 Nxe5 19. Rd1 O-O 20. Ke2 Nc6 21. Bxc6 bxc6
22. h4 Rb8 23. c5 Bc7 24. Nc4 Rb5 25. Rd7 Bb8 26. Rhd1 Rxc5 27. Na3 Be5 28. b4 Rc3
29. R7d3 Ra8 30. Rd8+ Rxd8 31. Rxd8+ Kg7 32. Nb1 Rc2+ 33. Rd2 Rc4 34. a3 Rxh4 35.
Rc2 Rh1 36. Nd2 Ra1 37. Nc4 Bd4 38. Kd3 e5 39. Re2 f6 40. Kc2 h5 41. Kb3 h4 42. a4
g5 43. b5 cxb5 44. axb5 Rb1+ 45. Nb2 h3 46. Ka2 Bxb2 47. Kxb1 Bd4 48. Kc2 g4 49.
Rh2 Bg1 50. Rh1 h2 51. b6 g3 52. b7 Ba7 0-1

[Event "2024 British Rapidplay Championship"]
[Site "Holiday Inn Peterborough - West"]
[Date "2024.03.03"]
[Round "9.58"]
[White "Liu, Jacob"]
[Black "Brocklehurst, Andrew"]
[Result "0-1"]
[WhiteFideId "496960"]
[BlackFideId "424765"]
[WhiteElo "1573"]
[BlackElo "1896"]
[EventDate "2024.03.02"]

1. e4 c5 2. Nf3 Nc6 3. d4 cxd4 4. Nxd4 e5 5. Nb5 d6 6. N1c3 a6 7. Na3 Be7 8. Be2
Nf6 9. Bg5 O-O 10. Bxf6 Bxf6 11. Nd5 Be6 12. c4 Bxd5 13. Qxd5 Nd4 14. Bd3 Qb6 15.
b3 Rac8 16. c5 Qb4+ 17. Kf1 Qxa3 18. Qxb7 Rxc5 19. Bc4 Rxc4 0-1

[Event "2024 British Rapidplay Championship"]
[Site "Holiday Inn Peterborough - West"]
[Date "2024.03.03"]
[Round "9.59"]
[White "Botteley, Michael T"]
[Black "Bevis, Noah"]
[Result "0-1"]
[WhiteFideId "427411"]
[BlackFideId "343434630"]
[WhiteElo "1896"]
[BlackElo "1454"]
[EventDate "2024.03.02"]

1. d4 g6 2. e3 Bg7 3. Nf3 c5 4. b3 Nc6 5. Bb2 d5 6. Nbd2 Bd7 7. Bb5 a6 8. Bxc6 Bxc6
9. O-O cxd4 10. exd4 Nf6 11. Re1 O-O 12. Ne5 Rc8 13. Rc1 Nd7 14. Nxc6 Rxc6 15. Nf3
Re8 16. c4 e6 17. cxd5 exd5 18. Rxc6 bxc6 19. Re2 c5 20. dxc5 Rxe2 21. Qxe2 Bxb2
22. Qxb2 Nxc5 23. Qd4 Ne6 24. Qd3 Qa5 25. a4 Qc5 26. g3 Qc6 27. Nd4 Qb6 28. Nf3 Qb7
29. Qc3 d4 30. Nxd4 Nxd4 31. Qxd4 Qxb3 32. a5 Qb1+ 33. Kg2 Qb7+ 34. f3 Qb5 35. Qb6
Qe2+ 36. Kh3 Qf1+ 37. Kh4 Qc4+ 38. f4 h6 39. Qd8+ Kg7 40. Qb6 Qe2 41. Qd4+ Kh7 42.
g4 Qxh2# 0-1

[Event "2024 British Rapidplay Championship"]
[Site "Holiday Inn Peterborough - West"]
[Date "2024.03.03"]
[Round "9.60"]
[White "Mehta, Sophie"]
[Black "Lim, Mark"]
[Result "0-1"]
[WhiteFideId "487996"]
[BlackFideId "417734"]
[WhiteElo "1635"]
[BlackElo "1835"]
[EventDate "2024.03.02"]

1. d4 c5 2. d5 e5 3. Nf3 d6 4. Bg5 Be7 5. Bxe7 Nxe7 6. e4 O-O 7. Be2 a6 8. c4 Nd7
9. O-O Rb8 10. Nc3 Qe8 11. a3 Ng6 12. b4 Nf4 13. Bd3 g6 14. Ne2 Nxe2+ 15. Qxe2 f5
16. exf5 gxf5 17. Nh4 e4 18. Bc2 Qe5 19. Qh5 Nf6 20. Qg5+ Kh8 21. Ng6+ hxg6 22. Qh6+
Nh7 23. f4 Qd4+ 24. Kh1 Qxc4 25. Qxg6 Qxd5 26. Rad1 Qf7 27. Qg3 d5 28. bxc5 Be6 29.
Rb1 d4 30. Rb6 Bd5 31. Qh4 Rg8 32. Rh6 e3 33. Rg1 e2 34. Qf2 e1=Q 35. Qxd4+ Rg7 36.
Rxe1 Bxg2+ 37. Kg1 Be4+ 38. Kf2 Bxc2 39. Qe5 Rd8 40. Rg1 Rd2+ 41. Ke3 Rd3+ 42. Ke2
Rd8 43. Kf2 Re8 44. Qc3 Be4 45. Rhg6 Reg8 46. Rxg7 Rxg7 47. Qd4 Nf6 48. Qd8+ Rg8
49. Rxg8+ Nxg8 50. Qh4+ Kg7 51. Qg5+ Kf8 52. Qd8+ Qe8 53. Qd6+ Ne7 54. Qf6+ Qf7 55.
Qh8+ Ng8 56. Qe5 Qa2+ 57. Ke3 Qxa3+ 58. Kd2 Qd3+ 59. Ke1 Qe3+ 60. Kd1 Bf3+ 61. Kc2
Qxe5 0-1

[Event "2024 British Rapidplay Championship"]
[Site "Holiday Inn Peterborough - West"]
[Date "2024.03.03"]
[Round "9.62"]
[White "Gevorgyan, Albert"]
[Black "Patel, Diah"]
[Result "1-0"]
[WhiteFideId "13323946"]
[BlackFideId "496677"]
[WhiteElo "1899"]
[BlackElo "1545"]
[EventDate "2024.03.02"]

1. e4 e5 2. Nf3 Nc6 3. Bc4 Nf6 4. d3 g6 5. Bg5 Bg7 6. Nc3 h6 7. Be3 O-O 8. Qd2 d6
9. Bxh6 Nh5 10. Bxg7 Nxg7 11. Qh6 Ne6 12. Bxe6 fxe6 13. Qxg6+ Kh8 14. Qh5+ Kg8 15.
Qg5+ Kh8 16. Qxd8 Rxd8 17. Ng5 Nd4 18. Nf7+ Kg8 19. Nxd8 Nxc2+ 20. Kd2 Nxa1 21. Rxa1
Bd7 22. Nxb7 Rf8 23. Ke3 c6 24. Na5 d5 25. Na4 d4+ 26. Ke2 Be8 27. Nc5 Bh5+ 28. f3
Be8 29. Nxe6 Rf6 30. Nc5 Rg6 31. Kf2 Rh6 32. h3 a6 33. Nxa6 Rh7 34. Nc5 Ra7 35. Nab3
Bf7 36. a4 Bxb3 37. Nxb3 Rb7 38. Ra3 Kg7 39. a5 c5 40. Nxc5 Rxb2+ 41. Kg3 Kh6 42.
a6 Rb6 43. a7 Rg6+ 44. Kf2 Rg8 45. a8=R Rxa8 46. Rxa8 Kg5 47. Kg3 Kh5 48. Rg8 Kh6
49. Kg4 Kh7 50. Rg5 Kh6 51. Kf5 Kh7 52. Kf6 Kh8 53. Kf7 Kh7 54. Rh5 1-0

[Event "2024 British Rapidplay Championship"]
[Site "Holiday Inn Peterborough - West"]
[Date "2024.03.03"]
[Round "9.63"]
[White "Hill, Callum"]
[Black "Mokhber-Garcia, Sebastian"]
[Result "0-1"]
[WhiteFideId "343403913"]
[BlackFideId "499269"]
[WhiteElo "1635"]
[BlackElo "1909"]
[EventDate "2024.03.02"]

1. e4 e5 2. Nf3 Nc6 3. d4 exd4 4. Bc4 Nf6 5. O-O d5 6. exd5 Nxd5 7. Nxd4 Nxd4 8.
Qxd4 Be6 9. Re1 c6 10. f4 Qa5 11. Bd2 Bc5 12. Bxa5 Bxd4+ 13. Kh1 Bxb2 14. Bxd5 cxd5
15. f5 Bxa1 16. fxe6 Bf6 17. e7 Rc8 18. Na3 b6 19. Nb5 bxa5 20. Nd6+ Kd7 21. Nxc8
Rxc8 22. e8=Q+ Rxe8 23. Rxe8 Kxe8 24. Kg1 Kd7 25. Kf2 Kc6 26. Ke2 Kb5 27. Kd3 Ka4
28. c4 dxc4+ 29. Kxc4 Ka3 30. h3 Kxa2 31. Kd3 Kb2 32. g4 a4 33. g5 Bxg5 34. h4 Bf6
35. h5 a3 36. h6 gxh6 37. Kc4 a2 38. Kb5 a1=Q 39. Kc6 Qa6+ 40. Kd7 Qe6+ 41. Kc7 Be5+
42. Kb7 Qb6+ 43. Ka8 Qb8# 0-1

[Event "2024 British Rapidplay Championship"]
[Site "Holiday Inn Peterborough - West"]
[Date "2024.03.03"]
[Round "9.64"]
[White "Young, Daniel J"]
[Black "Jacklin, Sam"]
[Result "1/2-1/2"]
[WhiteFideId "425184"]
[BlackFideId "343414850"]
[WhiteElo "1921"]
[BlackElo "1723"]
[EventDate "2024.03.02"]

1. e4 c6 2. d4 d5 3. e5 c5 4. Nf3 cxd4 5. Nbd2 Nc6 6. Nb3 Bg4 7. Bb5 e6 8. O-O Nge7
9. Nbxd4 Rc8 10. Re1 Ng6 11. h3 Bxf3 12. Qxf3 Be7 13. c4 O-O 14. Nxc6 bxc6 15. Ba6
Rb8 16. cxd5 cxd5 17. Bd3 Qc7 18. Qe2 Rfc8 19. b3 Bb4 20. Rd1 Bc3 21. Ba3 Qxe5 22.
Qxe5 Bxe5 23. Rac1 Bf4 24. Rxc8+ Rxc8 25. g3 Be5 26. Rc1 Rxc1+ 27. Bxc1 Bd4 28. Kg2
e5 29. Ba6 Bb6 30. Bb7 d4 31. Be4 Ne7 32. Ba3 f5 33. Bb1 Kf7 34. Bxe7 Kxe7 35. Bxf5
h6 36. Kf3 Kf6 37. Bd3 a5 38. Ke4 Bc5 39. Kd5 Bb4 40. f4 exf4 41. gxf4 Bc3 42. a3
Bd2 43. f5 Bc1 44. b4 a4 45. b5 Bxa3 46. b6 Ke7 47. Kxd4 Kd6 48. Bb5 Bc5+ 49. Ke4
a3 50. Bc4 Bxb6 51. Ba2 Kc5 52. Ke5 Kb4 53. f6 gxf6+ 54. Kxf6 Kc3 55. Kg6 Be3 56.
Kh5 Kd2 57. Kg4 Ke2 58. Kg3 Kf1 59. Kf3 Bc1 60. Kg3 Kg1 61. Bd5 Bb2 62. Kg4 Kh2 63.
h4 Bc1 64. Ba2 Kg2 65. Bd5+ Kf2 66. Kh3 Ke3 67. Kh2 Kf4 68. Kh3 Be3 69. Be6 Ke5 70.
Ba2 Kd4 71. Kg4 Kc3 72. Kf3 Bc1 73. Kg3 Kb2 74. Bf7 a2 75. Bxa2 Kxa2 76. Kh2 Kb3
77. h5 Kc3 78. Kh1 Kd3 79. Kg2 Ke4 80. Kh1 Kf4 81. Kg2 Kg4 82. Kh1 Kxh5 83. Kg1 Kg4
84. Kh1 h5 85. Kg1 h4 86. Kh1 h3 87. Kg1 h2+ 88. Kxh2 1/2-1/2

[Event "2024 British Rapidplay Championship"]
[Site "Holiday Inn Peterborough - West"]
[Date "2024.03.03"]
[Round "9.65"]
[White "Smith, Andrew PE"]
[Black "Killeen, Robert T"]
[Result "0-1"]
[WhiteFideId "469793"]
[BlackFideId "343444466"]
[WhiteElo "1645"]
[BlackElo "1945"]
[EventDate "2024.03.02"]

1. d4 Nf6 2. Nf3 d6 3. c4 c5 4. d5 b5 5. cxb5 a6 6. Nc3 g6 7. e4 Bg7 8. bxa6 O-O
9. Bf4 Nh5 10. Bd2 Bxa6 11. Bxa6 Nxa6 12. a3 Qb8 13. Rb1 c4 14. O-O Nc5 15. Qe2 Qb3
16. Qd1 Rfb8 17. Qxb3 Rxb3 18. g4 Nf6 19. Nd4 Rb7 20. Rfe1 Nxg4 21. Ndb5 Nd3 22.
Re2 Nde5 23. h3 Nf3+ 24. Kg2 Nge5 25. Be1 Nxe1+ 26. Rexe1 Nd3 27. Red1 Nxb2 28. Rdc1
Nd3 29. Rc2 Nf4+ 30. Kg3 Be5 31. Kg4 h5+ 32. Kf3 Nxh3 33. a4 Ng5+ 34. Ke3 Bxc3 35.
Rxc3 Rxa4 36. Kd4 0-1

[Event "2024 British Rapidplay Championship"]
[Site "Holiday Inn Peterborough - West"]
[Date "2024.03.03"]
[Round "9.66"]
[White "Gunarathne, Senith"]
[Black "Sasikumar, Srivathsan"]
[Result "0-1"]
[WhiteFideId "343104324"]
[BlackFideId "343401279"]
[WhiteElo "1591"]
[BlackElo "1766"]
[EventDate "2024.03.02"]

1. e4 c5 2. Nf3 Nc6 3. d4 cxd4 4. Nxd4 g6 5. Nc3 Bg7 6. Be3 Nf6 7. f3 O-O 8. Bc4
Qb6 9. Qd2 Qxb2 10. O-O Qb4 11. Nxc6 bxc6 12. Be2 Ne8 13. Nd5 Qxd2 14. Nxe7+ Kh8
15. Bxd2 Bd4+ 16. Kh1 Bxa1 17. Rxa1 Kg7 18. Rb1 Nc7 19. Bc3+ f6 20. e5 Ne8 21. Bc4
d5 22. Bd3 fxe5 23. Bxe5+ Kf7 24. Nxc6 Bd7 25. Nb8 Ke6 26. Bg3 Nd6 27. Re1+ Kf7 28.
Bxd6 Rfxb8 29. Bxb8 Rxb8 30. h3 Rb2 31. a3 Ra2 32. Re3 Kf6 33. c4 Rxa3 34. cxd5 Bf5
35. g4 Rxd3 36. Rxd3 Bxd3 37. Kg2 a5 38. Kf2 a4 39. Ke3 a3 40. g5+ Ke5 41. d6 Bb5
42. f4+ Kxd6 43. f5 gxf5 44. g6 hxg6 45. h4 f4+ 46. Ke4 a2 47. h5 gxh5 48. Kf5 Bd3+
49. Kg5 a1=Q 50. Kh6 Qf6 51. Kxh5 Qg6+ 52. Kh4 f3 53. Kh3 f2 54. Kh4 Kc6 55. Kh3
f1=Q+ 56. Kh4 Qh1# 0-1

[Event "2024 British Rapidplay Championship"]
[Site "Holiday Inn Peterborough - West"]
[Date "2024.03.03"]
[Round "9.67"]
[White "Davies, Peter L"]
[Black "Railwani, Tavish"]
[Result "1/2-1/2"]
[WhiteFideId "1801171"]
[BlackFideId "2410249"]
[WhiteElo "1876"]
[BlackElo "1714"]
[EventDate "2024.03.02"]

1. d4 Nf6 2. c4 e6 3. g3 d5 4. Bg2 b6 5. Nf3 Bb7 6. O-O Nbd7 7. Nc3 Be7 8. cxd5 exd5
9. Bf4 a6 10. Rc1 Rc8 11. h4 O-O 12. Ne5 c5 13. e3 c4 14. Re1 b5 15. a4 b4 16. Nb1
a5 17. g4 Nb6 18. g5 Nfd7 19. Nd2 Nxe5 20. dxe5 Qd7 21. b3 cxb3 22. Qxb3 Qxa4 23.
Qxa4 Nxa4 24. Ra1 Bc6 25. Nb3 Nc3 26. Rxa5 Ra8 27. Rea1 Rxa5 28. Rxa5 Ra8 29. Rxa8+
Bxa8 30. Nd4 Bc5 31. Nb3 Bb6 32. Kf1 Bc6 33. Ke1 Ba4 34. Nc1 b3 35. Nd3 Ba5 36. Nb2
Bb5 37. Kd2 Ne4+ 38. Kc1 Nxf2 39. Bxd5 Nd3+ 40. Nxd3 Bxd3 41. Bxb3 Bg6 42. Kb2 Kf8
43. Bd5 Ke7 44. Kb3 Be1 45. Kc4 Bxh4 46. Kc5 Be1 47. Kc6 Bd2 48. Kc7 Ba5+ 49. Kc6
Bd2 50. Kc5 Kd7 51. Bf3 Ke6 52. Kd4 Ba5 53. e4 Bb6+ 54. Kd3 Bc7 55. Bg4+ Ke7 56.
Kd4 Bb6+ 57. Kd5 Bc7 58. Bd2 Bb6 59. Bf5 Bxf5 60. exf5 Bf2 61. Bb4+ Ke8 62. Ke4 Kd7
63. Bd2 Bb6 64. Kd5 Bc7 65. e6+ fxe6+ 66. fxe6+ Ke8 67. Be3 Bg3 68. Bd2 Bh2 69. Bc3
Bf4 70. Bxg7 Bxg5 71. Ke4 Ke7 72. Kf5 Bd2 73. Bf6+ Ke8 74. Ke4 h5 75. Kf3 Be1 76.
Kg2 h4 77. Bxh4 Bxh4 78. Kh1 Bf2 79. Kg2 Bc5 80. Kh1 Kd8 81. e7+ Ke8 82. Kg2 Bd6
83. Kh1 Bf4 84. Kg2 Bh6 85. Kf3 Bg7 86. Kg2 Be5 87. Kh1 Kxe7 88. Kg1 Ke6 1/2-1/2

[Event "2024 British Rapidplay Championship"]
[Site "Holiday Inn Peterborough - West"]
[Date "2024.03.03"]
[Round "9.68"]
[White "Pelling, Kyle"]
[Black "Veeturi, Yashvardhan"]
[Result "0-1"]
[WhiteFideId "462942"]
[BlackFideId "343402496"]
[WhiteElo "1818"]
[BlackElo "1642"]
[EventDate "2024.03.02"]

1. e4 e6 2. d4 d5 3. Nc3 Nf6 4. Bg5 h6 5. Bxf6 Qxf6 6. e5 Qd8 7. f4 c5 8. Nf3 Nc6
9. Bb5 a6 10. Bxc6+ bxc6 11. O-O a5 12. Na4 Ba6 13. dxc5 Bxf1 14. Qxf1 Be7 15. Nd4
Qc7 16. Qe2 O-O 17. Rf1 Rfb8 18. c3 Qc8 19. f5 Bd8 20. fxe6 fxe6 21. Qh5 Qd7 22.
Rf3 Bc7 23. Rg3 Kh8 24. Rg6 Re8 25. b3 Ra7 26. Nb2 Bd8 27. Qg4 Bg5 28. Nxe6 Be3+
29. Kh1 Qf7 30. h3 Qf1+ 31. Kh2 Rxe6 32. Qxe6 Bf4+ 33. g3 Qf2+ 34. Kh1 Bxg3 35. Rxg3
Qxg3 36. Qc8+ Kh7 37. Qf5+ Qg6 38. Qxg6+ Kxg6 39. Nd3 Kf5 40. b4 axb4 41. Nxb4 Rc7
42. Kg2 Kxe5 43. Kf3 d4 44. Ke2 Ke4 45. a4 dxc3 46. a5 Kd4 47. Na6 Ra7 48. Nb8 Kxc5
49. Kd3 Kd6 0-1

[Event "2024 British Rapidplay Championship"]
[Site "Holiday Inn Peterborough - West"]
[Date "2024.03.03"]
[Round "9.69"]
[White "Hu, Junyan"]
[Black "Patel, Keatan"]
[Result "0-1"]
[WhiteFideId "343401260"]
[BlackFideId "477613"]
[WhiteElo "1611"]
[BlackElo "1779"]
[EventDate "2024.03.02"]

1. e4 e5 2. Nf3 Nc6 3. Bc4 Nf6 4. Ng5 d5 5. exd5 Nxd5 6. d4 Be6 7. Nxe6 fxe6 8. dxe5
Nxe5 9. Qh5+ Ng6 10. Bd3 Qf6 11. O-O Bd6 12. Bxg6+ Qxg6 13. Qxg6+ hxg6 14. h3 O-O-O
15. Nd2 Nb4 16. c3 Nd3 17. Ne4 Nxc1 18. Raxc1 Rh4 19. Nxd6+ Rxd6 20. Rcd1 Kd7 21.
Kh2 Rh5 22. c4 c5 23. Rxd6+ Kxd6 24. Rd1+ Ke7 25. f4 Rf5 26. Kg3 g5 27. fxg5 Rxg5+
28. Kh2 Re5 29. Rd2 a6 30. Kg3 b5 31. cxb5 axb5 32. Kf4 Kf6 33. g4 g5+ 34. Kf3 Rd5
35. Re2 e5 36. Ke3 c4 37. Kf2 b4 38. Rc2 Rd4 39. a3 bxa3 40. bxa3 Ke6 41. Rc3 Kd5
42. Ke3 Re4+ 43. Kd2 Kc5 44. Kd1 Rf4 45. Ke2 e4 46. Re3 Kd4 47. a4 c3 48. Rg3 c2
49. Kd2 Rf2+ 50. Kc1 e3 51. Rxe3 Kxe3 52. a5 Kd3 53. a6 Kc3 54. a7 Rf1# 0-1